| 000 | 00443nam a2200169Ia 4500 | ||
|---|---|---|---|
| 008 | 191127s9999 xx 000 0 und d | ||
| 100 | _aBlum, Alexander | ||
| 245 | 2 | _aA Milky way/ | |
| 245 | _cAlexander Blum | ||
| 260 | _bSussex Publisher | ||
| 260 | _c2019 | ||
| 300 | _aPages 36-37, January/February 2019 | ||
| 440 |
_aPsychology Today: Escaping Depression _v51: 1 |
||
| 650 | _aDairy products | ||
| 650 | _aHealth | ||
| 650 | _amilk | ||
| 999 |
_c362714 _d362714 |
||